Cocinas / (Record no. 11679)
[ view plain ]
| 000 -CABECERA | |
|---|---|
| campo de control de longitud fija | 00911nam a2200265 4500 |
| 003 - IDENTIFICADOR DEL NÚMERO DE CONTROL | |
| campo de control | OSt |
| 005 - FECHA Y HORA DE LA ÚLTIMA TRANSACCIÓN | |
| campo de control | 20260530113857.0 |
| 008 - DATOS DE LONGITUD FIJA--INFORMACIÓN GENERAL | |
| campo de control de longitud fija | 260505b1992 |||||||| |||| 00| 0 eng d |
| 020 ## - NÚMERO INTERNACIONAL ESTÁNDAR DEL LIBRO | |
| Número Internacional Estándar del Libro | 968887180x |
| 040 ## - FUENTE DE LA CATALOGACIÓN | |
| Centro/agencia transcriptor | ICI |
| Centro catalogador/agencia de origen | spa |
| Lengua de catalogación | ICI |
| 050 ## - SIGNATURA TOPOGRÁFICA DE LA BIBLIOTECA DEL CONGRESO | |
| Número de clasificación | TX653 |
| Número de documento/Ítem | C6318 1992 |
| 100 1# - ENTRADA PRINCIPAL--NOMBRE DE PERSONA | |
| Nombre de persona | Crane, Robin, |
| Término indicativo de función/relación | autor |
| 9 (RLIN) | 31901 |
| 245 10 - MENCIÓN DE TÍTULO | |
| Título | Cocinas / |
| Mención de responsabilidad, etc. | Crane-Dixon ; vers. castellana de Carlos Saenz de Valicourt |
| 264 #1 - PRODUCCIÓN, PUBLICACIÓN, DISTRIBUCIÓN, FABRICACIÓN Y COPYRIGHT | |
| Producción, publicación, distribución, fabricación y copyright | México : |
| Nombre del de productor, editor, distribuidor, fabricante | Gustavo Gili, |
| Fecha de producción, publicación, distribución, fabricación o copyright | 1992 |
| 300 ## - DESCRIPCIÓN FÍSICA | |
| Extensión | 1 volumen (sin pág.) |
| Otras características físicas | ilustraciones |
| 336 ## - TIPO DE CONTENIDO | |
| Término de tipo de contenido | texto |
| Fuente | rdacontent |
| 337 ## - TIPO DE MEDIO | |
| Nombre/término del tipo de medio | sin medio |
| Fuente | rdamedia |
| 338 ## - TIPO DE SOPORTE | |
| Nombre/término del tipo de soporte | volumen |
| Fuente | rdacarrier |
| 490 0# - MENCIÓN DE SERIE | |
| Mención de serie | Colección dimensiones en arquitectura |
| 500 ## - NOTA GENERAL | |
| Nota general | Traducción de: architect's data sheets : food preparation spaces |
| 650 ## - PUNTO DE ACCESO ADICIONAL DE MATERIA--TÉRMINO DE MATERIA | |
| Término de materia o nombre geográfico como elemento de entrada | Cocinas |
| Subdivisión general | Diseño y construcción |
| 9 (RLIN) | 31902 |
| 700 1# - PUNTO DE ACCESO ADICIONAL--NOMBRE DE PERSONA | |
| Nombre de persona | Sáenz de Valicourt, Carlos, |
| Término indicativo de función/relación | traductor |
| 9 (RLIN) | 31903 |
| 710 ## - PUNTO DE ACCESO ADICIONAL--NOMBRE DE ENTIDAD CORPORATIVA | |
| Nombre de entidad corporativa o nombre de jurisdicción como elemento de entrada | Dixon, Malcolm, |
| Término indicativo de función/relación | autor |
| 9 (RLIN) | 31904 |
| 942 ## - ELEMENTOS DE PUNTO DE ACCESO ADICIONAL (KOHA) | |
| Fuente del sistema de clasificación o colocación | Library of Congress Classification |
| Tipo de ítem Koha | |
| Suprimir en OPAC | 1 |
No items available.